[Event "Hillerod Open 2012"]
[Site "Hillerod"]
[Date "2012.09.04"]
[Round "1"]
[White "Pawlak, Wojciech Zbigniew"]
[Black "Jacobsen, Hans Endrup"]
[Result "0-1"]
[WhiteElo "1544"]
[BlackElo "1876"]
[PlyCount "60"]
[EventDate "2012.??.??"]

1. d4 Nf6 2. c4 e6 3. Nf3 Bb4+ 4. Bd2 Qe7 5. Nc3 c6 6. g3 d5 7. cxd5 exd5 8.
Bg2 Bf5 9. O-O Nbd7 10. Rc1 O-O 11. Re1 Bd6 12. Ng5 Ne4 13. Ngxe4 dxe4 14. d5
Nf6 15. Bg5 Rfe8 16. dxc6 bxc6 17. Qa4 Rab8 18. Red1 e3 19. f4 Qe6 20. Bxf6
Qxf6 21. Bxc6 Rec8 22. Bd7 Rb4 23. Qa6 Bxd7 24. Rxd6 Be6 25. f5 Rf8 26. Nd5
Qxb2 27. Ne7+ Kh8 28. Rc8 Bxc8 29. Nxc8 Qb1+ 30. Kg2 Qe4+ 0-1

[Event "Hillerod Open 2012"]
[Site "Hillerod"]
[Date "2012.09.04"]
[Round "1"]
[White "Nygaard, Soren"]
[Black "Pedersen, Christopher RNH"]
[Result "0-1"]
[WhiteElo "1603"]
[BlackElo "2058"]
[PlyCount "62"]
[EventDate "2012.??.??"]

1. d4 c5 2. Nf3 cxd4 3. Nxd4 Nf6 4. c4 e6 5. e3 a6 6. Nc3 Qc7 7. Be2 d6 8. O-O
Nbd7 9. Bd2 h5 10. Rc1 h4 11. h3 Rb8 12. e4 Nc5 13. f3 Nh5 14. b4 Nd7 15. f4
Ng3 16. Bg4 Nf6 17. Re1 Nxg4 18. hxg4 g5 19. f5 h3 20. gxh3 Qxc4 21. Nce2 Nxe2+
22. Nxe2 Qxe4 23. Qb3 Bg7 24. Rxc8+ Rxc8 25. fxe6 O-O 26. Ng3 Bd4+ 27. Kh2 Qg6
28. Nf5 Bf6 29. exf7+ Rxf7 30. Qxf7+ Kxf7 31. Nxd6+ Kf8 0-1

[Event "Hillerod Open 2012"]
[Site "Hillerod"]
[Date "2012.09.04"]
[Round "1"]
[White "Jensen, Torben Brieghel"]
[Black "Christophersen, David"]
[Result "1-0"]
[WhiteElo "1344"]
[BlackElo "1752"]
[PlyCount "85"]
[EventDate "2012.??.??"]

1. e4 d6 2. d4 Nf6 3. Nc3 g6 4. Nf3 Bg7 5. Be2 c5 6. O-O cxd4 7. Nxd4 O-O 8.
Rb1 Bd7 9. Be3 Nc6 10. f4 e5 11. Ndb5 exf4 12. Rxf4 Bh6 13. Rf3 Bxe3+ 14. Rxe3
Qb6 15. Qd2 Ng4 16. Bxg4 Bxg4 17. Kh1 Rad8 18. Rd3 a6 19. Nxd6 Ne5 20. Rd4 Nf3
21. gxf3 Bxf3+ 22. Kg1 Rxd6 23. Nd5 Qa7 24. Kf1 Re6 25. Re1 Qb8 26. Qf2 f5 27.
Qh4 Bxe4 28. Ne7+ Kg7 29. Rd7 Rf7 30. Qg5 Qxh2 31. Re2 Qh1+ 32. Kf2 Qf3+ 33.
Ke1 Qh1+ 34. Kd2 Qh6 35. Nxf5+ Kh8 36. Qxh6 Rxd7+ 37. Ke1 Rf7 38. Ng3 Bd5 39.
Rxe6 Bxe6 40. b3 Rf3 41. Ne4 Rh3 42. Qf8+ Bg8 43. Nf6 1-0

[Event "Hillerod Open 2012"]
[Site "Hillerod"]
[Date "2012.09.04"]
[Round "1"]
[White "Linderod, Lars Erik"]
[Black "Jorgensen, Orla Eilegaard"]
[Result "1-0"]
[WhiteElo "1792"]
[BlackElo "1384"]
[PlyCount "47"]
[EventDate "2012.??.??"]

1. e4 {[%emt 0:00:00]} c5 2. Nf3 d6 3. Bb5+ Bd7 4. Bxd7+ Nxd7 5. O-O Ngf6 6.
Re1 g6 7. c3 Bg7 8. d4 cxd4 9. cxd4 e5 10. Nc3 O-O 11. Be3 Re8 12. dxe5 dxe5
13. Qb3 b6 14. Rad1 Qc7 15. Nb5 Qb8 16. Nd6 Re7 17. Re2 Nc5 18. Qc4 Nb7 19.
Red2 Nxd6 20. Rxd6 Qb7 21. Bg5 Rc8 22. Qd3 Rc6 23. Rd8+ Re8 24. Bxf6 1-0

[Event "Hillerod Open 2012"]
[Site "Hillerod"]
[Date "2012.09.11"]
[Round "2"]
[White "Holm, Henrik"]
[Black "Sorensen, Esben Lauge"]
[Result "0-1"]
[WhiteElo "1700"]
[BlackElo "1930"]
[PlyCount "63"]
[EventDate "2012.??.??"]

1. c4 c5 2. Nf3 Nc6 3. Nc3 g6 4. e3 Bg7 5. Be2 e5 6. d3 Nge7 7. e4 d6 8. Bd2
O-O 9. Qc1 f5 10. Bh6 f4 11. Bxg7 Kxg7 12. Qd1 a6 13. h4 h6 14. Qd2 Rb8 15.
O-O-O Qa5 16. Kb1 b5 17. Nd5 Qxd2 18. Rxd2 Rf7 19. Rdd1 Bg4 20. Rde1 Bxf3 21.
Bxf3 Nd4 22. Bd1 Nec6 23. Be2 Na5 24. Bf1 bxc4 25. dxc4 Rfb7 26. b4 cxb4 27.
Rc1 b3 28. a3 b2 29. Rc3 Nab3 30. Rd3 Nc5 31. Rc3 Nxe4 32. Rd3 0-1

[Event "Hillerod Open 2012"]
[Site "Hillerod"]
[Date "2012.09.11"]
[Round "2"]
[White "Pedersen, Christopher RNH"]
[Black "Paulsen, Laurids"]
[Result "1-0"]
[WhiteElo "2058"]
[BlackElo "1697"]
[PlyCount "67"]
[EventDate "2012.??.??"]

1. e4 e5 2. d4 exd4 3. Qxd4 Nc6 4. Qd3 d6 5. Bd2 Nf6 6. Nc3 Be6 7. h3 d5 8.
exd5 Nxd5 9. Qg3 Qe7 10. O-O-O O-O-O 11. Bd3 Ncb4 12. a3 Nxc3 13. axb4 Nxd1 14.
Kxd1 Qd7 15. Qe3 Qa4 16. b5 Bc5 17. Qxc5 Rxd3 18. b3 Qa1+ 19. Ke2 Rd5 20. Qc3
Re5+ 21. Kf3 Qd1+ 22. Kg3 Rxb5 23. Kh2 Qh5 24. Nf3 Rd8 25. Be3 a6 26. Bf4 Rc5
27. Qe3 Kb8 28. c3 Qd5 29. Nd4 Rd7 30. Rd1 Qh5 31. Nxe6 Qxd1 32. Nxc5 Rd8 33.
Qe7 Rc8 34. Qe4 1-0

[Event "Hillerod Open 2012"]
[Site "Hillerod"]
[Date "2012.09.11"]
[Round "2"]
[White "Sorensen, Bernhard W"]
[Black "Jorgensen, Orla Eilegaard"]
[Result "1-0"]
[WhiteElo "1483"]
[BlackElo "1384"]
[PlyCount "53"]
[EventDate "2012.??.??"]

1. e4 c5 2. Nf3 d6 3. d4 cxd4 4. Nxd4 Nf6 5. Nc3 Nc6 6. f3 e6 7. Be3 Be7 8. Qd2
a6 9. O-O-O Bd7 10. a3 b5 11. Nce2 Ne5 12. Nf4 Rc8 13. Bd3 Nc4 14. Bxc4 bxc4
15. Nde2 Qc7 16. Qc3 Bb5 17. g4 h6 18. h4 Ng8 19. Nh5 Kd7 20. Qxg7 c3 21. Nxc3
Be2 22. Rd2 Bxf3 23. Rf1 Bxg4 24. Qxg4 f6 25. Qg7 Qc4 26. Rfd1 Rc6 27. Qxh8 1-0

[Event "Hillerod Open 2012"]
[Site "Hillerod"]
[Date "2012.09.11"]
[Round "2"]
[White "Jacobsen, Hans Endrup"]
[Black "Randholm, Niels"]
[Result "1-0"]
[WhiteElo "1876"]
[BlackElo "1639"]
[PlyCount "41"]
[EventDate "2012.??.??"]

1. e4 Nc6 2. f4 e6 3. Nf3 Bb4 4. c3 Ba5 5. d4 a6 6. Bd3 Nge7 7. O-O d5 8. Nbd2
b5 9. Ne5 dxe4 10. Nxe4 Bb6 11. Qh5 Nxe5 12. fxe5 Ng6 13. Ng5 Bxd4+ 14. Kh1 Bb6
15. Bxg6 fxg6 16. Qf3 Qd5 17. Qf7+ Kd8 18. Bf4 Bb7 19. Rad1 Kc8 20. Rxd5 Bxd5
21. Nxe6 1-0

[Event "Hillerod Open 2012"]
[Site "Hillerod"]
[Date "2012.09.18"]
[Round "3"]
[White "Sorensen, Esben Lauge"]
[Black "Christophersen, David"]
[Result "1-0"]
[WhiteElo "1930"]
[BlackElo "1752"]
[PlyCount "63"]
[EventDate "2012.??.??"]

1. e4 d6 2. d4 Nf6 3. Nc3 g6 4. Be3 Bg7 5. f3 O-O 6. Qd2 Nbd7 7. O-O-O b6 8. g4
c5 9. Nge2 Ba6 10. h4 h5 11. gxh5 Nxh5 12. Nf4 Nxf4 13. Bxa6 cxd4 14. Bxd4 Bh6
15. Be3 e5 16. Nd5 Nc5 17. Bxf4 exf4 18. Bf1 f5 19. Qg2 Kh7 20. Rg1 Rg8 21.
exf5 gxf5 22. Qxg8+ Qxg8 23. Nf6+ Kh8 24. Rxg8+ Rxg8 25. Nxg8 Kxg8 26. Rxd6 Bf8
27. Rd8 Kf7 28. b4 Ne6 29. Rd7+ Kf6 30. c3 a5 31. bxa5 bxa5 32. Bc4 1-0

[Event "Hillerod Open 2012"]
[Site "Hillerod"]
[Date "2012.09.18"]
[Round "3"]
[White "Sorensen, Bernhard W"]
[Black "Borg, Flemming"]
[Result "0-1"]
[WhiteElo "1483"]
[BlackElo "1668"]
[PlyCount "46"]
[EventDate "2012.??.??"]

1. e4 c6 2. d4 d5 3. exd5 Qxd5 4. Nc3 Qa5 5. Nf3 Nf6 6. Bd2 Bf5 7. Bc4 e6 8.
Ne5 h6 9. O-O Nbd7 10. Nd5 Qd8 11. Nxf6+ gxf6 12. Nxd7 Qxd7 13. c3 Bd6 14. Re1
Qc7 15. g3 h5 16. Qf3 O-O-O 17. h4 Bg4 18. Qg2 f5 19. f3 Bxg3 20. Rf1 Rdg8 21.
fxg4 Rxg4 22. Qf3 Be1+ 23. Kh1 Rxh4+ 0-1

[Event "Hillerod Open 2012"]
[Site "Hillerod"]
[Date "2012.09.18"]
[Round "3"]
[White "Nygaard, Soren"]
[Black "Hein, Jacob"]
[Result "1-0"]
[WhiteElo "1603"]
[BlackElo "1204"]
[PlyCount "63"]
[EventDate "2012.??.??"]

1. d4 e6 2. c4 c5 3. Nc3 cxd4 4. Qxd4 Nc6 5. Qd1 a6 6. Nf3 Be7 7. e3 Nf6 8. Be2
O-O 9. O-O Re8 10. b3 Qc7 11. Bb2 Rd8 12. Rc1 Ne5 13. Qc2 Nfg4 14. Nxe5 Nxe5
15. f4 Ng6 16. Kh1 Bc5 17. Qd3 Nh4 18. e4 f5 19. Qg3 Ng6 20. exf5 exf5 21. Nd5
Qa5 22. Ra1 Qd2 23. Qc3 Qxc3 24. Bxc3 Ne7 25. Bf3 Nxd5 26. Bxd5+ Kf8 27. Rae1
Be7 28. Bxg7+ Kxg7 29. Rxe7+ Kh6 30. Rf3 Ra7 31. Rh3+ Kg6 32. Rexh7 1-0

[Event "Hillerod Open 2012"]
[Site "Hillerod"]
[Date "2012.09.25"]
[Round "4"]
[White "Jacobsen, Hans Endrup"]
[Black "Pedersen, Christopher RNH"]
[Result "0-1"]
[WhiteElo "1876"]
[BlackElo "2058"]
[PlyCount "108"]
[EventDate "2012.??.??"]

1. e4 c5 2. Nf3 d6 3. d4 cxd4 4. Nxd4 Nf6 5. Nc3 g6 6. Be3 Bg7 7. f3 O-O 8. Qd2
Nc6 9. O-O-O Bd7 10. g4 Rb8 11. h4 Nxd4 12. Bxd4 b5 13. h5 Qa5 14. hxg6 e5 15.
gxf7+ Rxf7 16. Be3 b4 17. Nb1 Qxa2 18. g5 Ne8 19. Qh2 Be6 20. Qxh7+ Kf8 21. g6
Rc7 22. Bh6 Rbc8 23. Bxg7+ Nxg7 24. Rh2 Qb3 25. Rdd2 Qe3 26. Kd1 Qg1 27. Qh8+
Bg8 28. Qh3 Qxg6 29. Rhg2 Qf6 30. Ba6 Rd8 31. Bd3 Ke7 32. Qh8 Ne6 33. Qxf6+
Kxf6 34. Rg3 Rh7 35. Rdg2 Bf7 36. Nd2 Nf4 37. Rg1 b3 38. Nxb3 Nxd3 39. cxd3
Bxb3+ 40. Ke1 Bf7 41. Rg5 Rc8 42. Rf5+ Ke6 43. Kd1 Rh5 44. Rfg5 Rxg5 45. Rxg5
Rh8 46. Kd2 Rh2+ 47. Kc3 Rh3 48. Rf5 Rh5 49. f4 Rxf5 50. exf5+ Kxf5 51. fxe5
Kxe5 52. d4+ Kd5 53. Kd3 Kc6 54. Kc3 a5 0-1

[Event "Hillerod Open 2012"]
[Site "Hillerod"]
[Date "2012.09.25"]
[Round "4"]
[White "Lavrsen, Frands Winther"]
[Black "Percivaldi, Martin"]
[Result "0-1"]
[WhiteElo "1861"]
[BlackElo "2045"]
[PlyCount "108"]
[EventDate "2012.??.??"]

1. f4 d5 2. Nf3 g6 3. e3 Bg7 4. Be2 c5 5. d3 Nc6 6. O-O e6 7. e4 Nge7 8. c3 b6
9. Na3 O-O 10. Qc2 a6 11. Be3 Ra7 12. Rac1 Rd7 13. e5 d4 14. Bf2 dxc3 15. bxc3
Nd5 16. g3 Na5 17. Ng5 Bb7 18. Ne4 Nxf4 19. Nf6+ Qxf6 20. gxf4 Qxf4 21. Bg3
Qe3+ 22. Rf2 Bxe5 23. Bxe5 Qxe5 24. Qd2 Qe4 25. Rf3 Qa4 26. Nc2 Bxf3 27. Bxf3
e5 28. Ne3 Nc4 29. Nxc4 Qxc4 30. Be2 Qe6 31. Qe3 Re8 32. a4 Qd6 33. Rf1 c4 34.
d4 Ree7 35. d5 Rc7 36. Qe4 Red7 37. Rd1 f5 38. Qg2 Kg7 39. Kh1 Rc5 40. Bf3 e4
41. Be2 Rxd5 42. Rf1 b5 43. axb5 axb5 44. h4 Qf6 45. Qg3 Rd2 46. Rf2 Qd6 47.
Qg2 Qe5 48. Qh3 e3 49. Rg2 Ra7 50. Qf3 Ra1+ 51. Rg1 Rxg1+ 52. Kxg1 Qe4 53. Qf1
Rxe2 54. Qxe2 Qg4+ 0-1

[Event "Hillerod Open 2012"]
[Site "Hillerod"]
[Date "2012.09.25"]
[Round "4"]
[White "Linderod, Lars Erik"]
[Black "Sorensen, Esben Lauge"]
[Result "0-1"]
[WhiteElo "1792"]
[BlackElo "1930"]
[PlyCount "82"]
[EventDate "2012.??.??"]

1. e4 c5 2. Nf3 Nc6 3. Bb5 e6 4. Bxc6 bxc6 5. O-O c4 6. Qe2 d5 7. b3 cxb3 8.
axb3 Nf6 9. d3 Be7 10. Bb2 O-O 11. Re1 dxe4 12. dxe4 c5 13. Nbd2 Bb7 14. Red1
Qc7 15. e5 Ng4 16. Nc4 Bd5 17. h3 Bxc4 18. Qxc4 Nh6 19. Nd2 Rfb8 20. Bc3 Nf5
21. Ne4 Qc6 22. Ra5 Nh4 23. f3 Nf5 24. Kf2 Bd8 25. Raa1 Bb6 26. g4 Ne7 27. Rd6
Qc7 28. Rad1 Nd5 29. Bb2 Qe7 30. g5 Bc7 31. Nf6+ gxf6 32. gxf6 Qf8 33. Rg1+ Kh8
34. Qh4 Rb4 35. c4 Bxd6 36. Rg7 Qg8 37. exd6 Rxb3 38. Be5 Ne3 39. Rxg8+ Rxg8
40. Qh5 Rg2+ 41. Ke1 Rb1# 0-1

[Event "Hillerod Open 2012"]
[Site "Hillerod"]
[Date "2012.09.25"]
[Round "4"]
[White "Borg, Flemming"]
[Black "Nygaard, Soren"]
[Result "0-1"]
[WhiteElo "1668"]
[BlackElo "1603"]
[PlyCount "72"]
[EventDate "2012.??.??"]

1. e4 c5 2. d4 cxd4 3. c3 Nf6 4. e5 Nd5 5. Nf3 Nc6 6. Bc4 Nb6 7. Bb5 a6 8. Bxc6
dxc6 9. Nxd4 c5 10. Ne2 Qxd1+ 11. Kxd1 Bf5 12. Be3 O-O-O+ 13. Kc1 e6 14. Ng3
Bg6 15. Bg5 Rd7 16. Nd2 h6 17. Bh4 Nd5 18. Nge4 b6 19. Bg3 Be7 20. a3 Rhd8 21.
c4 Nc7 22. f4 a5 23. Bf2 Na6 24. Be3 Nb8 25. g4 Nc6 26. Rf1 Nd4 27. Bxd4 Rxd4
28. f5 exf5 29. gxf5 Bh5 30. Re1 Bg5 31. Nxg5 hxg5 32. e6 fxe6 33. Nf1 Rxc4+
34. Kb1 exf5 35. Ng3 Bg6 36. b3 f4+ 0-1

[Event "Hillerod Open 2012"]
[Site "Hillerod"]
[Date "2012.10.02"]
[Round "5"]
[White "Christophersen, David"]
[Black "Paulsen, Laurids"]
[Result "0-1"]
[WhiteElo "1752"]
[BlackElo "1697"]
[PlyCount "52"]
[EventDate "2012.??.??"]

1. d4 d5 2. c4 c6 3. e3 Nf6 4. Nc3 Bf5 5. Qb3 Qd7 6. cxd5 Nxd5 7. Nf3 e6 8. Ne5
Qc7 9. f3 Nxc3 10. bxc3 h6 11. e4 Bh7 12. Rb1 b6 13. Rb2 Nd7 14. Nxd7 Qxd7 15.
Rd2 Be7 16. d5 O-O 17. d6 Bg5 18. Rd1 Bxc1 19. Rxc1 Qxd6 20. Ba6 Qc5 21. Ke2
Rad8 22. Rhd1 Qe5 23. Rh1 Bxe4 24. Kf2 Rd2+ 25. Kf1 b5 26. h3 Bxf3 0-1

[Event "Hillerod Open 2012"]
[Site "Hillerod"]
[Date "2012.10.02"]
[Round "5"]
[White "Kuehn, Morten"]
[Black "Linderod, Lars Erik"]
[Result "1-0"]
[WhiteElo "1615"]
[BlackElo "1792"]
[PlyCount "71"]
[EventDate "2012.??.??"]

1. e4 e5 2. f4 d5 3. exd5 e4 4. Nc3 Nf6 5. Bb5+ c6 6. dxc6 bxc6 7. Be2 Bc5 8.
h4 Bxg1 9. Rxg1 Qb6 10. Rf1 O-O 11. g4 Re8 12. f5 Qc7 13. Rg1 Qh2 14. Kf1 Qxh4
15. Qe1 Qh3+ 16. Rg2 Ba6 17. Qg3 Qxg3 18. Rxg3 Bxe2+ 19. Kxe2 Na6 20. a3 Rad8
21. Nd1 Nc7 22. Nf2 Nfd5 23. c4 Nb6 24. b3 a5 25. a4 Na6 26. Bb2 Nd7 27. Bc3
Nb4 28. Rh1 f6 29. g5 Rf8 30. Rgh3 Kf7 31. Rxh7 Rg8 32. g6+ Kf8 33. Nxe4 Re8
34. Kf3 Ne5+ 35. Kg3 Ned3 36. Nxf6 1-0

[Event "Hillerod Open 2012"]
[Site "Hillerod"]
[Date "2012.10.02"]
[Round "5"]
[White "Sorensen, Esben Lauge"]
[Black "Percivaldi, Martin"]
[Result "0-1"]
[WhiteElo "1930"]
[BlackElo "2045"]
[PlyCount "118"]
[EventDate "2012.??.??"]

1. e4 e6 2. d4 d5 3. Nc3 Nf6 4. Bg5 Bb4 5. e5 h6 6. Bd2 Bxc3 7. Bxc3 Ne4 8. Nf3
Nxc3 9. bxc3 c5 10. Be2 Nc6 11. O-O c4 12. Qd2 a6 13. Qf4 b5 14. Qg3 O-O 15.
Nh4 b4 16. cxb4 Nxd4 17. Bd1 Qg5 18. Qxg5 hxg5 19. Nf3 Nc6 20. Nxg5 Nxe5 21. f4
Ng6 22. c3 Bd7 23. Bc2 Ne7 24. a4 Rfb8 25. Rae1 Rb6 26. Nf3 f6 27. Nd4 Kf7 28.
Re3 Nc6 29. Nxc6 Rxc6 30. Rd1 Rd6 31. Kf2 Bc6 32. h3 Rad8 33. Rd4 Re8 34. Rd1
e5 35. fxe5 fxe5 36. Rde1 e4 37. Rg3 d4 38. cxd4 Rxd4 39. Rge3 Kf6 40. b5 axb5
41. axb5 Bb7 42. g4 Ke5 43. Kg3 Rf8 44. h4 Rf4 45. b6 Rd2 46. Ba4 Rd3 47. Bd1
Rxe3+ 48. Rxe3 Rf6 49. Ra3 Kd4 50. g5 Rxb6 51. Kf4 Rb2 52. h5 Rf2+ 53. Kg3 Rf5
54. Kg4 Rf1 55. h6 gxh6 56. gxh6 Rxd1 57. Ra7 Rh1 58. Kg5 e3 59. Rxb7 e2 0-1

[Event "Hillerod Open 2012"]
[Site "Hillerod"]
[Date "2012.10.02"]
[Round "5"]
[White "Nygaard, Soren"]
[Black "Jacobsen, Hans Endrup"]
[Result "0-1"]
[WhiteElo "1603"]
[BlackElo "1876"]
[PlyCount "126"]
[EventDate "2012.??.??"]

1. d4 Nf6 2. c4 e6 3. Nc3 d5 4. cxd5 exd5 5. Bg5 Be7 6. Qc2 c6 7. e3 Be6 8. Bd3
h6 9. Bh4 Nbd7 10. Nge2 g5 11. Bg3 Nh5 12. O-O Nb6 13. f3 Nxg3 14. Nxg3 Qd7 15.
Qf2 O-O-O 16. Rfc1 Kb8 17. b3 f5 18. a4 f4 19. Nge2 fxe3 20. Qxe3 Bd6 21. a5
Nc8 22. g3 Rde8 23. Qd2 Rhf8 24. Rf1 Qg7 25. Na4 h5 26. b4 h4 27. g4 Bf4 28.
Qc3 Be3+ 29. Kh1 Nd6 30. Nc5 Bc8 31. h3 Rf4 32. Nxf4 Bxd4 33. Nh5 Bxc3 34. Nxg7
Bxg7 35. Rae1 Bc3 36. Rxe8 Nxe8 37. Rc1 Bxb4 38. Nb3 Nc7 39. Rf1 Ne6 40. Bf5 c5
41. Bxe6 Bxe6 42. Rc1 b6 43. axb6 axb6 44. Rd1 d4 45. Nxd4 cxd4 46. Rxd4 Bc5
47. Re4 Bd5 48. Re8+ Kc7 49. Kg2 b5 50. Re5 Kc6 51. Rxg5 b4 52. Re5 b3 53. Re1
b2 54. g5 Ba2 55. f4 b1=Q 56. Rxb1 Bxb1 57. Kf3 Bf5 58. g6 Bxg6 59. Kg4 Be7 60.
f5 Bf7 61. Kf4 Kd5 62. Kf3 Ke5 63. Kg4 Bf6 0-1

[Event "Hillerod Open 2012"]
[Site "Hillerod"]
[Date "2012.10.09"]
[Round "6"]
[White "Paulsen, Laurids"]
[Black "Olsen, Kim Alex"]
[Result "0-1"]
[WhiteElo "1697"]
[BlackElo "1747"]
[PlyCount "92"]
[EventDate "2012.??.??"]

1. c4 c5 2. Nc3 Nc6 3. d3 d6 4. g3 g6 5. Bg2 Bg7 6. e4 Nf6 7. Nge2 Qc7 8. O-O
O-O 9. Rb1 a6 10. a3 Ng4 11. Nd5 Qd8 12. b4 e6 13. Ne3 Nge5 14. Bb2 cxb4 15.
axb4 Qb6 16. Ba3 Rd8 17. Kh1 Bf8 18. Nf4 Nd4 19. Nh3 Ndc6 20. Nc2 d5 21. c5 Qb5
22. exd5 exd5 23. d4 Nc4 24. Bc1 Ne7 25. Nf4 Bf5 26. Rb3 a5 27. Na3 Nxa3 28.
bxa5 Qc4 29. Rxa3 Bc2 30. Qd2 Be4 31. Re1 Bxg2+ 32. Kxg2 Nf5 33. Bb2 Bg7 34.
Rc1 Qb5 35. Re1 Qc4 36. Rc1 Qb5 37. Ne2 Bh6 38. f4 Re8 39. Nc3 Qc4 40. Ra4 Qa6
41. Re1 Bg7 42. Nxd5 Qc6 43. Ra3 Qxd5+ 44. Kg1 Bxd4+ 45. Bxd4 Qxd4+ 46. Qxd4
Rxe1+ 0-1

[Event "Hillerod Open 2012"]
[Site "Hillerod"]
[Date "2012.10.09"]
[Round "6"]
[White "Linderod, Lars Erik"]
[Black "Christophersen, David"]
[Result "0-1"]
[WhiteElo "1792"]
[BlackElo "1752"]
[PlyCount "80"]
[EventDate "2012.??.??"]

1. e4 d6 2. d4 Nf6 3. Nc3 g6 4. Bg5 Bg7 5. f4 h6 6. Bh4 Nc6 7. d5 Nb8 8. Be2 c6
9. Nf3 Nh5 10. Qd2 Bxc3 11. Qxc3 Rg8 12. Qd2 cxd5 13. exd5 Nd7 14. O-O-O Nhf6
15. Bb5 Ne4 16. Qe2 f5 17. Nd2 Nxd2 18. Qxd2 a6 19. Bxd7+ Bxd7 20. Rhe1 Rg7 21.
Qd4 Kf8 22. Rd3 g5 23. fxg5 hxg5 24. Bg3 Rc8 25. h4 f4 26. Rf3 Kg8 27. Bf2 Bf5
28. Rc3 Rxc3 29. bxc3 Qa5 30. Kd2 Qxa2 31. Rc1 gxh4 32. c4 Qa5+ 33. Ke2 Rg4 34.
Qb2 Rxg2 35. c3 h3 36. Kf3 e5 37. Rg1 Bg4+ 38. Ke4 h2 39. Rh1 Qc7 40. Kd3 Qh7+
0-1

[Event "Hillerod Open 2012"]
[Site "Hillerod"]
[Date "2012.10.09"]
[Round "6"]
[White "Pedersen, Christopher RNH"]
[Black "Percivaldi, Martin"]
[Result "0-1"]
[WhiteElo "2058"]
[BlackElo "2045"]
[PlyCount "82"]
[EventDate "2012.??.??"]

1. e4 e6 2. d4 d5 3. Nc3 Nf6 4. e5 Nfd7 5. f4 c5 6. Nf3 Nc6 7. Be3 a6 8. Qd2 b5
9. dxc5 Bxc5 10. Bxc5 Nxc5 11. b4 Ne4 12. Nxe4 dxe4 13. Qxd8+ Kxd8 14. Ng5 Nxb4
15. Nxf7+ Ke7 16. Nxh8 Nxc2+ 17. Kd2 Nxa1 18. Be2 Bb7 19. Rxa1 Rxh8 20. a4 Rd8+
21. Ke3 b4 22. a5 b3 23. Ra4 Bd5 24. Rb4 Ra8 25. Bd1 Rc8 26. Rb6 Rc3+ 27. Kd2
Rd3+ 28. Ke1 Bc4 29. Rb4 Bd5 30. Be2 Rc3 31. Bxa6 Rc1+ 32. Kd2 Rc2+ 33. Kd1 Ra2
34. Bc4 Bxc4 35. Rxc4 Rxa5 36. Rc7+ Kf8 37. Rb7 Ra2 38. g3 b2 39. Kc2 e3 40.
Rb3 e2 41. Re3 Ra1 0-1

[Event "Hillerod Open 2012"]
[Site "Hillerod"]
[Date "2012.10.09"]
[Round "6"]
[White "Randholm, Niels"]
[Black "Kuehn, Morten"]
[Result "0-1"]
[WhiteElo "1639"]
[BlackElo "1615"]
[PlyCount "56"]
[EventDate "2012.??.??"]

1. d4 e5 2. dxe5 Nc6 3. Nf3 Qe7 4. g3 Nxe5 5. Nxe5 Qxe5 6. Bg2 Nf6 7. Nc3 Bb4
8. Bd2 d5 9. O-O c6 10. Bf4 Qh5 11. e4 Bxc3 12. bxc3 Qxd1 13. Raxd1 Nxe4 14.
Rfe1 O-O 15. Bxe4 dxe4 16. Rxe4 Bf5 17. Re7 b6 18. Rd6 Rfe8 19. Rxe8+ Rxe8 20.
Be3 c5 21. Rd2 Be6 22. a4 Rc8 23. a5 bxa5 24. Bxc5 h6 25. Bd4 a4 26. Rd1 a3 27.
f3 a2 28. Bxa7 Ra8 0-1

[Event "Hillerod Open 2012"]
[Site "Hillerod"]
[Date "2012.10.09"]
[Round "6"]
[White "Jensen, Torben Brieghel"]
[Black "Nygaard, Soren"]
[Result "0-1"]
[WhiteElo "1344"]
[BlackElo "1603"]
[PlyCount "38"]
[EventDate "2012.??.??"]

1. e4 c5 2. Nf3 Nc6 3. d4 cxd4 4. Nxd4 Nf6 5. Nc3 e5 6. Ndb5 d6 7. Be3 a6 8.
Na3 b5 9. Naxb5 axb5 10. Bxb5 Bd7 11. f3 Be7 12. O-O O-O 13. a3 Rb8 14. b4 Qc7
15. Qd3 Rfd8 16. Nd5 Nxd5 17. exd5 Nxb4 18. Qc4 Qxc4 19. Bxc4 Nxc2 0-1

[Event "Hillerod Open 2012"]
[Site "Hillerod"]
[Date "2012.10.16"]
[Round "7"]
[White "Sorensen, Esben Lauge"]
[Black "Nygaard, Soren"]
[Result "1-0"]
[WhiteElo "1930"]
[BlackElo "1603"]
[PlyCount "101"]
[EventDate "2012.??.??"]

1. e4 c5 2. Nf3 Nc6 3. d4 cxd4 4. Nxd4 Nf6 5. Nc3 e5 6. Ndb5 d6 7. a4 a6 8. Na3
Bg4 9. f3 Be6 10. Bc4 Be7 11. Be3 Rc8 12. Nd5 Bxd5 13. exd5 Na5 14. Be2 b5 15.
axb5 axb5 16. Bxb5+ Nd7 17. b4 Nb7 18. Ba6 Rb8 19. Ba7 Ra8 20. Nc4 O-O 21. Bxb7
Rxa7 22. Rxa7 Qb8 23. Qa1 e4 24. fxe4 Bf6 25. e5 Nxe5 26. Nxe5 Bxe5 27. Qa6 Qe8
28. O-O Bd4+ 29. Kh1 Bxa7 30. Qxa7 Qb5 31. Ba6 Qxb4 32. Bd3 g6 33. h3 Qc3 34.
Rf4 Qe1+ 35. Kh2 Qe5 36. Qd4 Qe7 37. Rf6 Rd8 38. Rf1 Rf8 39. Qf6 Qc7 40. Rf4
Re8 41. Rc4 Qb8 42. Re4 Rf8 43. Re7 Qd8 44. h4 Qa5 45. Qxd6 Rd8 46. Qc7 Qxd5
47. Rxf7 Qd6+ 48. Qxd6 Rxd6 49. Ra7 Rf6 50. Kg1 h5 51. Ra6 1-0

[Event "Hillerod Open 2012"]
[Site "Hillerod"]
[Date "2012.10.16"]
[Round "7"]
[White "Paulsen, Laurids"]
[Black "Lavrsen, Frands Winther"]
[Result "1-0"]
[WhiteElo "1697"]
[BlackElo "1861"]
[PlyCount "85"]
[EventDate "2012.??.??"]

1. c4 Nc6 2. Nc3 Nf6 3. d3 d5 4. cxd5 Nxd5 5. g3 Bg4 6. Bg2 e6 7. Qa4 Bb4 8.
Bd2 Bh5 9. a3 Bxc3 10. bxc3 O-O 11. Nh3 Qf6 12. Rc1 Qe5 13. e4 Nb6 14. Qc2 Qd6
15. a4 e5 16. f3 Rad8 17. Nf2 Qa3 18. g4 Bg6 19. h4 h5 20. f4 hxg4 21. Nxg4 f6
22. h5 Bh7 23. f5 Qxa4 24. Qb1 Bxf5 25. Nh6+ gxh6 26. exf5 Kh7 27. Be4 Rg8 28.
Ke2 Na5 29. Rcg1 Nb3 30. Be3 Rg5 31. Bxb7 Nd5 32. Bxd5 Rxd5 33. Bxg5 hxg5 34.
Rh3 Nc5 35. c4 Rd4 36. Rd1 e4 37. Qb2 exd3+ 38. Rhxd3 Qxc4 39. Qxd4 Qa2+ 40.
R1d2 Qa5 41. Qd5 Qb6 42. Qf7+ Kh6 43. Qg6# 1-0

[Event "Hillerod Open 2012"]
[Site "Hillerod"]
[Date "2012.10.16"]
[Round "7"]
[White "Lenskjaer, Stig"]
[Black "Hein, Jacob"]
[Result "1/2-1/2"]
[WhiteElo "1570"]
[BlackElo "1204"]
[PlyCount "147"]
[EventDate "2012.??.??"]

1. e4 d6 2. Nf3 Nf6 3. Nc3 g6 4. h3 a6 5. d4 Bg7 6. Bc4 b5 7. Bb3 b4 8. Nd5
Nxe4 9. Nxb4 Bb7 10. c3 Nd7 11. Ba4 c5 12. Nc6 Qc7 13. d5 Nb6 14. Qc2 Nf6 15.
c4 Nxa4 16. Qxa4 Bxc6 17. dxc6 O-O 18. O-O a5 19. Re1 Ra6 20. Bd2 Rfa8 21. Bc3
e5 22. Ng5 Rxc6 23. Rad1 Rca6 24. Rd2 Qe7 25. Ne4 Nxe4 26. Rxe4 f5 27. Re1 Bh6
28. Rd5 Bf8 29. Qd1 a4 30. a3 Bg7 31. f3 Bf6 32. Qe2 Bh4 33. Red1 Bg3 34. Bd2
Re8 35. Be3 e4 36. f4 Rb8 37. Qd2 Re8 38. Rxd6 Rxd6 39. Qxd6 Qxd6 40. Rxd6 Rb8
41. Bc1 Rb3 42. Kf1 e3 43. Rd5 Bxf4 44. Ke2 Bg5 45. Rxc5 Be7 46. Ra5 Bf6 47.
Rxa4 Bxb2 48. Bxb2 Rxb2+ 49. Kxe3 Rxg2 50. Kf3 Rh2 51. Kg3 Re2 52. c5 Re7 53.
c6 Rc7 54. Rc4 Kf7 55. a4 Ke6 56. a5 Kd5 57. Ra4 Kc5 58. a6 Kb6 59. Kf4 Ka7 60.
Kg5 Rxc6 61. Kh6 Rc7 62. h4 Rf7 63. h5 gxh5 64. Kxh5 f4 65. Kg4 f3 66. Ra1 f2
67. Rf1 Kxa6 68. Kg3 Kb5 69. Kg2 Kc5 70. Rc1+ Kd4 71. Kf1 Ke3 72. Rc5 Kd4 73.
Rh5 Ke4 74. Rh3 1/2-1/2